La Hacienda Pública y la acumulación de capital en España (1939-1959) (Record no. 76884)

000 -CABECERA
campo de control de longitud fija 00666nam#a2200217#c#4500
003 - IDENTIFICADOR DEL NÚMERO DE CONTROL
campo de control IEF
005 - FECHA Y HORA DE LA ÚLTIMA TRANSACCIÓN
campo de control 20180219162911.0
008 - CÓDIGOS DE INFORMACIÓN DE LONGITUD FIJA
campo de control de longitud fija 941205suuuu uuu####fr####| 0||u| |u
040 ## - FUENTE DE LA CATALOGACIÓN
Centro catalogador de origen IEF
100 1# - PUNTO DE ACCESO PRINCIPAL - NOMBRE DE PERSONA
Nombre de persona Fernández Caínzos, Juan Jesús
9 (RLIN) 15338
245 ## - MENCIÓN DE TÍTULO
Título La Hacienda Pública y la acumulación de capital en España (1939-1959)
260 ## - PUBLICACIÓN, DISTRIBUCIÓN, ETC. (PIE DE IMPRENTA)
Lugar de publicación distribución etc. Santiago de Compostela
Nombre del editor distribuidor etc. Universidad
300 ## - DESCRIPCIÓN FÍSICA
Extensión 754 f.
Dimensiones 27 cm.
500 ## - NOTA GENERAL
Nota general Tesis - Universidad de Santiago de Compostela. -- Indices y apéndice estadístico
650 #4 - PUNTO DE ACCESO ADICIONAL DE MATERIA--TÉRMINO DE MATERIA
Término de materia o nombre geográfico como elemento inicial HACIENDA PUBLICA
9 (RLIN) 50201
650 #4 - PUNTO DE ACCESO ADICIONAL DE MATERIA--TÉRMINO DE MATERIA
Término de materia o nombre geográfico como elemento inicial ESPAÑA
9 (RLIN) 41092
650 #4 - PUNTO DE ACCESO ADICIONAL DE MATERIA--TÉRMINO DE MATERIA
Término de materia o nombre geográfico como elemento inicial SIGLO XX
9 (RLIN) 48420
942 ## - ELEMENTOS DE PUNTO DE ACCESO ADICIONAL (KOHA)
Tipo de ítem Koha Libros
942 ## - ELEMENTOS DE PUNTO DE ACCESO ADICIONAL (KOHA)
-- 31000
Holdings
Estado de retiro Estado de pérdida Estado dañado No para préstamo Localización permanente Fecha de adquisición Signatura topográfica completa Código de barras Fecha visto por última vez Precio válido a partir de Tipo de ítem Koha Nota pública
      Disponible para préstamo IEF 1994-12-05 40216 40216 2018-02-19 2018-02-19 Libros Ej. mecanografiado y fotocopiado, 1979

Powered by Koha